The Church can save the world. (Record no. 9015)

000 -LEADER
fixed length control field 00640nam a2200205 a 4500
001 - CONTROL NUMBER
control field :::00006796$&:&@@
003 - CONTROL NUMBER IDENTIFIER
control field OkBaRHE
005 - DATE AND TIME OF LATEST TRANSACTION
control field 20000607103333.0
008 - FIXED-LENGTH DATA ELEMENTS--GENERAL INFORMATION
fixed length control field s1938 j 000 0 eng u
040 ## - CATALOGING SOURCE
Transcribing agency
100 1# - MAIN ENTRY--PERSONAL NAME
Personal name Shoemaker, Samuel M. (Samuel Moor), 1893-1963.
245 14 - TITLE STATEMENT
Title The Church can save the world.
260 ## - PUBLICATION, DISTRIBUTION, ETC. (IMPRINT)
Place of publication, distribution, etc New York, NY., :
Name of publisher, distributor, etc Harper & Brothers Publishers
Date of publication, distribution, etc c1938
300 ## - PHYSICAL DESCRIPTION
Extent 162 p. ;
Dimensions 20 cm.
650 ## - SUBJECT ADDED ENTRY--TOPICAL TERM
Topical term or geographic name as entry element Christianity
General subdivision 20th Century
650 ## - SUBJECT ADDED ENTRY--TOPICAL TERM
Topical term or geographic name as entry element Church
650 ## - SUBJECT ADDED ENTRY--TOPICAL TERM
Topical term or geographic name as entry element Oxford Group
942 ## - ADDED ENTRY ELEMENTS (KOHA)
Source of classification or shelving scheme
Koha item type Books
Copies
Shelving location Full call number Date last seen Copy number Withdrawn status Barcode Permanent Location Date acquired Koha item type Lost status Source of classification or shelving scheme Damaged status Not for loan Price effective from
General StacksBV 600 .S5152010-04-141 6796RHEMA Bible Training College2010-04-14Books    2010-04-14